Jak řídit IS/IT v holdingu

Stratégia riadenia IS/IT. Aplikácia IS/IT. Zabezpečenie prevádzky IS/IT . McFarlanova klasifikácia aplikácie IT. Spôsoby riadenia IS/IT podľa druhov aplikácie. Outsourcingový kontrakt.

Gespeichert in:
Bibliographische Detailangaben
1. Verfasser: Molnár, Zdeněk
Format: Buchkapitel
Sprache:Tschechisch
Schlagworte:
Tags: Tag hinzufügen
Keine Tags, Fügen Sie das erste Tag hinzu!

MARC

LEADER 00000naa a2200000 4500
001 r033545
005 20230922085439.6
041 0 |a cze 
044 |a CZ 
245 1 0 |a Jak řídit IS/IT v holdingu  |c Zdeněk Molnár 
520 |a Stratégia riadenia IS/IT. Aplikácia IS/IT. Zabezpečenie prevádzky IS/IT . McFarlanova klasifikácia aplikácie IT. Spôsoby riadenia IS/IT podľa druhov aplikácie. Outsourcingový kontrakt. 
610 2 0 |a systémy informačné 
610 2 0 |a systémy riadenia 
610 2 0 |a stratégia marketingová 
610 2 0 |a spoločnosti holdingové 
610 2 0 |a outsourcing 
610 2 0 |a Česko 
100 1 |a Molnár, Zdeněk